• 首页
  • 本馆介绍
  • 公告通知
  • 最新文献
  • 馆藏检索
  • 电子资源
  • 读者导购
  • 参考咨询
  • 我的图书馆
  • 登录
  • 详细信息显示
  • 放入我的书架
  • 预约/预借图书
  • 作者相关作品
  • 分类相关作品
  • 丛书相关作品
  • 出版社相关作品

书目信息

  • 表格格式
  • 工作单格式
  • 卡片格式
题名:
中国景观史
    
 
作者: 吴必虎 , 刘筱娟 著
分册:  
出版信息: 上海   上海人民出版社  2004
页数: 479页
开本: 21cm
丛书名: 专题史系列丛书
单 册:
中图分类: P901-05
科图分类:
主题词: 景观--文化史--中国
电子资源:
ISBN: 7-208-05329-4
000 00935oam2 2200253 450
001 1555004219
005 20150118151749.70
010    @a7-208-05329-4@dCNY36.00
100    @a20050119d2004 em y0chiy50 ea
101 0  @achi
102    @aCN@b310000
105    @aab z 000yy
200 1  @a中国景观史@9zhong guo jing guan shi@f吴必虎,刘筱娟著
210    @a上海@c上海人民出版社@d2004
215    @a479页@c地图,图@d21cm
225 2  @a专题史系列丛书
330    @a本书将中华文化景观中的具象景观划分为三大类:聚落景观、产业景观、公共事业景观;将非具象景观划分为三大类:民俗景观、语言文学景观和宗教景观。从历史透视角度分析文化景观的扩散和整合特征,并对文化景观发生、发展的自然环境背景作了讨论。
461  0 @12001 @a专题史系列丛书
606 0  @a景观@x文化史@y中国
690    @aP901-05@v5
701  0 @a吴必虎@9wu bi hu@f(1962~)@4著
701  0 @a刘筱娟@9liu xiao juan@4著
801  0 @aCN@bTSSF@c20150118
905    @aZUCC@dP901-05@eJY40
    
    中国景观史/吴必虎,刘筱娟著.-上海:上海人民出版社,2004
    479页:地图,图;21cm.-(专题史系列丛书)
    
    
    ISBN 7-208-05329-4:CNY36.00
    本书将中华文化景观中的具象景观划分为三大类:聚落景观、产业景观、公共事业景观;将非具象景观划分为三大类:民俗景观、语言文学景观和宗教景观。从历史透视角度分析文化景观的扩散和整合特征,并对文化景观发生、发展的自然环境背景作了讨论。
●
相关链接 在E读中查询图书 在五车中查询图书 在当当中查询图书 在豆瓣中查询图书


正题名:中国景观史     索取号:P901-05/JY40         预约/预借

序号 登录号 条形码 馆藏地/架位号 状态 备注
1 7848217   278482170   学院路分馆/ [索取号:P901-05/JY40] 在馆    
2 7848218   278482189   学院路分馆/ [索取号:P901-05/JY40] 在馆    
唐山师范学院图书馆 欢迎您!
大连网信软件有限公司© 版权所有